00574nam a2200145 a 450000100100000000500170001000800410002704000250006808200150009310000270010824501950013526000480033030000200037871000300039800002885820200930055200.0110412s1980 dr 000 0 spa d aDO-SdBNPbspacBNPHU axxxbC762d1 aContín Aybar, Nestor10aDiscurso leido por el Lic. Nestor Contín Aybar presidente de la Suprema Corte de Justicia en la solemne apertura de los tribunales celebrada el 7 de enero de 1980 /cNestor Contín Aybar. aSanto Domingo :bEditora del Caribe,c1980. a22 p. ;c22 cm.2 aSuprema Corte de Justicia